| 000 | 00539cam a22001931 4500 | ||
|---|---|---|---|
| 001 | 4528549 | ||
| 005 | 20180119041325.0 | ||
| 008 | 751006s1951 nyua 001 0 eng | ||
| 010 | _a 51005642 | ||
| 040 |
_aDLC _cWa _dDLC |
||
| 041 | _aeng | ||
| 080 | _a612.84374 BEE | ||
| 082 | 0 | 0 | _a612.84374 BEE |
| 100 | 1 | _a8 | |
| 101 | _aOFT | ||
| 245 | 1 | 0 |
_aExperiments in optical illusion _c[by] Nelson F. Beeler and Franklyn M. Branley; illustrated by Fred H. Lyon. |
| 906 |
_a7 _bcbc _corignew _du _eocip _f19 _gy-gencatlg |
||
| 942 |
_2ddc _cBK |
||
| 999 |
_c40535 _d40535 |
||